[Event "Barbera del Valles op 42nd"]
[Site "Barbera del Valles"]
[Date "2019.07.04"]
[Round "1"]
[White "Terbe, Zsuzsanna"]
[Black "Arora, Honi"]
[Result "1/2-1/2"]
[WhiteElo "2160"]
[BlackElo "1645"]
[PlyCount "92"]
[EventDate "2019.07.04"]
[EventType "swiss"]
[EventRounds "9"]
[EventCountry "ESP"]
[SourceTitle "CBM 191 Extra"]
[Source "ChessBase"]
[SourceDate "2019.09.30"]
[SourceVersion "1"]
[SourceVersionDate "2019.09.30"]
[SourceQuality "1"]

1. d4 d5 2. Bf4 Nf6 3. e3 c5 4. c3 Nc6 5. Nf3 Qb6 6. Qc2 Bf5 7. dxc5 Bxc2 8. cxb6 axb6 9. Na3 Bg6 10. Nb5 Rc8 11. Bc7 Nd7 12. Rd1 e6 13. Bd6 Be7 14. Nc7+ Kd8 15. Nb5 Bxd6 16. Nxd6 Ra8 17. a3 Ke7 18. Nb5 Rhc8 19. Be2 Nce5 20. 0-0 Nxf3+ 21. gxf3 Ne5 22. Rd4 Rc5 23. Kg2 Nc4 24. Bxc4 dxc4 25. Nd6 Bd3 26. Rd1 e5 27. R4xd3 cxd3 28. Rxd3 g6 29. Ne4 Rc7 30. Rd5 f6 31. Rb5 Rc6 32. c4 Ra4 33. Nc3 Raxc4 34. Nd5+ Ke6 35. Nxb6 R4c5 36. Rb3 f5 37. e4 fxe4 38. fxe4 Rc7 39. Nd5 Rd7 40. Ne3 Kf7 41. Rb6 h5 42. Kg3 Rc6 43. Rb5 Ke6 44. Nd5 Kf7 45. h4 Rc2 46. f3 Rc6 1/2-1/2